| 000 | 00371nam a2200109Ia 4500 | ||
|---|---|---|---|
| 008 | 171204s9999 xx 000 0 und d | ||
| 245 | _aCounseling in the Family Law System: A Professional Counselor's Guide | ||
| 245 | _cVirginia Allen EdD | ||
| 260 | _c2014 | ||
| 650 | _xPSYCHOLOGICAL COUNSELING AND PSYCHOTHERAPY | ||
| 856 | _uhttp://down.ebook777.com/032/0826198295.pdf | ||
| 999 |
_c346504 _d346504 |
||